00732nam a2200229 a 4500001001300000003000900013005001700022008004100039020001000080082001400090245007800104260004200182300000900224500003500233505001600268650002300284710004800307902000800355942000700363952011500370999001700485nice12345678IN_TiNIC20260116014829.0050524s2003 sria grp 000 0 eng  ac10000a297bSHA2 aInsight of Islamicusb an Annual Journal of Studies and Research in Islam aSrinagerbUniversity of Kashmirc2003 a194p aincludes index and biblioraphy2 aBook Review aIslam-Meccan Trade2 aShah-I-Hamadan Institute of Islamic Studies bSRS cBK 001040708StackRoom-aHMIbHMId2007-07-30g100.00l0o297 SHA2p021200r2007-07-30v100.00w2005-05-24yBK c17177d17177